000 00346nam a2200145Ia 4500
008 100122s9999 xx 000 0 und d
082 _b65185
_a823
100 _aATWOOD MARGARET
245 _aORYX AND CRAKE
260 _bVIRAGO PRESS LIMITED
_c2003
300 _a436
630 _aORYX AND CRAKE
730 _aORYX AND CRAKE
942 _cBOOK
999 _c379909
_d379906